| 000 | 00790nam a2200289Ia 4500 | ||
|---|---|---|---|
| 001 | Z_4346 | ||
| 003 | CHAP | ||
| 008 | 220113s1983 xx 000 0 und d | ||
| 010 | _a167416 | ||
| 040 | _cCHAP | ||
| 090 | _aFolleto 25 | ||
| 100 |
_aCentro de Investigación Pecuarias del Estado de Sonora _9141588 |
||
| 245 |
_a¿Una vaca y su cría pueden mantenerse todo el año con 3 hectáreas de zacate buffel? / _cpor CIPES |
||
| 260 |
_aCarbo, Sonora : _bEl centro, _c1983 |
||
| 300 | _a16 p. ; ilus. | ||
| 440 |
_aRancho; 1 (4) _9141612 |
||
| 500 | _a | ||
| 503 | _a | ||
| 650 |
_aGanado vacuno _xAlimentación I. t. _9141613 |
||
| 650 |
_aZacate buffel _9123395 |
||
| 901 | _aFolleto 25 | ||
| 902 | _aA | ||
| 910 | _a1983 | ||
| 942 | _cc14 | ||
| 942 | _cc14 | ||
| 999 |
_c167416 _d167416 |
||